| 000 | 00535nam a2200193 a 4500 | ||
|---|---|---|---|
| 001 | 1163 | ||
| 005 | 20140414131910.0 | ||
| 008 | 041105s19uu xx 00 eng d | ||
| 020 | _a0-590-66217-1 | ||
| 050 |
_aER _bB85 1998 |
||
| 100 | _aMcPhail, David | ||
| 245 |
_aA bug, a bear, a fly and a kite / _cby David McPhail. |
||
| 260 |
_aNew York : _bScholastic , _c1998. |
||
| 300 | _a1 v. p. : ill. ; cm. | ||
| 440 | _aScholastic See Saw Book Club. | ||
| 650 |
_aKites _xFiction. |
||
| 650 | _aChildren stories. | ||
| 999 |
_c111154 _d111154 |
||